Les effets spéciaux au cinéma : 120 ans de créations en France et dans le monde (notice n° 2174631)
[ vue normale ]
| 000 -LEADER | |
|---|---|
| fixed length control field | 01466cam a2200145 4500500 |
| 005 - DATE AND TIME OF LATEST TRANSACTION | |
| control field | 20260405051014.0 |
| 041 ## - LANGUAGE CODE | |
| Language code of text/sound track or separate title | fre |
| 042 ## - AUTHENTICATION CODE | |
| Authentication code | dc |
| 100 10 - MAIN ENTRY--PERSONAL NAME | |
| Personal name | Hamus-Vallée, Réjane |
| Relator term | author |
| 245 00 - TITLE STATEMENT | |
| Title | Les effets spéciaux au cinéma : 120 ans de créations en France et dans le monde |
| 260 ## - PUBLICATION, DISTRIBUTION, ETC. | |
| Name of publisher, distributor, etc. | Armand Colin,<br/> |
| Date of publication, distribution, etc. | 2018.<br/> |
| 520 ## - SUMMARY, ETC. | |
| Summary, etc. | Dès sa naissance, l’industrie du cinéma rivalise d’audace pour exprimer les idées visuelles les plus singulières en concevant et en expérimentant des effets spéciaux spectaculaires qui marquent le spectateur, conscient et souvent ravi de leurs présences. Or, les dinosaures, superhéros et autres sorciers ne constituent qu’un pan du champ des effets spéciaux. D’autres trucages, imperceptibles pour le public, servent aussi à optimiser un budget décoration, à contourner des contraintes logistiques, à contrôler les aléas d’un tournage…Cet ouvrage offre un éclairage inédit sur 120 ans de créations à travers le monde, notamment en France où originalité et inventivité sont de mise, et en questionne les enjeux technologiques, esthétiques et économiques. Une référence indispensable pour l’étudiant ou le lecteur curieux de découvrir ces univers fertiles et passionnants, et de revisiter le cinéma sous un nouveau jour. |
| 700 10 - ADDED ENTRY--PERSONAL NAME | |
| Personal name | Renouard, Caroline |
| Relator term | author |
| 856 41 - ELECTRONIC LOCATION AND ACCESS | |
| Uniform Resource Identifier | <a href="https://shs.cairn.info/les-effets-speciaux-au-cinema--9782200619824?lang=fr&redirect-ssocas=7080">https://shs.cairn.info/les-effets-speciaux-au-cinema--9782200619824?lang=fr&redirect-ssocas=7080</a> |
Pas d'exemplaire disponible.




Réseaux sociaux